Honey Trap (All Lyrics) - Scott Frenzel - Statistics

General Stats
  • This quiz has been taken 2 times
  • The average score is 32 of 296
Answer Stats
Part of the Song Lyrics % Correct
a
100%
lick
100%
like
100%
fate
50%
Verse 1 Felt
50%
flicker
50%
high
50%
I
50%
of
50%
Pre-Chorus Sugar
50%
You
50%
you
50%
and
0%
And
0%
are
0%
back
0%
beating
0%
blinded
0%
blue’s
0%
breaking
0%
broke
0%
broken
0%
But
0%
by
0%
can't
0%
close
0%
collapsing
0%
color
0%
come
0%
could
0%
crashing
0%
crazy
0%
Verse 2 Dawn
0%
don't
0%
enticing
0%
escape
0%
falling
0%
favorite
0%
feel
0%
find
0%
fool’s
0%
for
0%
found
0%
go
0%
goodbye
0%
goodbye)
0%
got
0%
grenades
0%
has
0%
hear
0%
heart
0%
honey
0%
icing
0%
I'm
0%
in
0%
it
0%
It’s
0%
It's
0%
it's
0%
just
0%
keep
0%
kings
0%
knew
0%
lies
0%
lines
0%
looking
0%
lost
0%
love
0%
love's
0%
me
0%
more
0%
more)
0%
My
0%
my
0%
myself
0%
(No
0%
no
0%
(no
0%
not
0%
(Oh
0%
oh)
0%
oh
0%
on
0%
one
0%
paradise
0%
patterns
0%
peek
0%
perfect
0%
place
0%
prayed
0%
promises
0%
pull
0%
pup
0%
relapsing
0%
repeating
0%
rolling
0%
rumblin’
0%
Said
0%
same
0%
say
0%
saying
0%
shades
0%
so
0%
(so
0%
some
0%
sorry’s
0%
sorry's
0%
star
0%
startin'
0%
starts
0%
summer
0%
sweet
0%
that
0%
the
0%
Chorus The
0%
They’re
0%
They're
0%
this
0%
through
0%
thunder
0%
time
0%
to
0%
To
0%
trap
0%
Treat
0%
trouble
0%
up
0%
was
0%
waves
0%
we
0%
We’re
0%
when
0%
wished
0%
Worries
0%
your
0%
Your
0%
You're
0%
you're
0%
No matching quizzes found
Score Distribution
Percent of People with Each Score
Percentile by Number Answered
Your Score History
You have not taken this quiz